000 01831nam0a22002771 4500
001 rc\3323032
005 20260407041758.0
021 _aRU
_b[69-60478]
035 _a(NLR Aleph) 007509641
090 _a7691622
_c7691622
100 _a20130115d1969 |||y0rusy50 ca
101 0 _arus
102 _aRU
105 _aa z |||||
200 1 _aСовершенствование системы разработки наклонными слоями по восстанию с выемкой слоев узкими полосами по простиранию с гидрозакладкой
_eКраткий науч. отчет
_fНауч. руководитель канд. техн. наук А.П. Филиппов
_gИсполнитель инж. В.В. Славолюбов
_gМ-во угольной пром-сти СССР. АН СССР. Ин-т горного дела им. А.А. Скочинского. Лаборатория техн.-экон. анализа работы и науч. прогнозирования угольной пром-сти СССР
210 _aМосква
_cБ. и.
_d1969
215 _a48 с.
_cчерт.
_d20
606 _aУгольные месторождения
_xСистемы разработки
_yКузнецкий угольный бассейн
_2psbo
702 1 _aФилиппов
_bА.П.
_4570
702 1 _aСлаволюбов
_bВ.В.
_4570
710 0 2 _aИнститут горного дела им. А.А.Скочинского
_cМосква
_bЛаборатория технико-экон. анализа работы и науч. прогнозирования угольной промышленности СССР
_3RU\NLR\AUTH\8810013933
_9525769
801 0 _aRU
_bNLR
_gpsbo
801 1 _aRU
_bELAR
_2rusmarc
852 _aNLR
_j69-4/16641
942 _cBOOK
980 _aNB